| 000 | 00323pam a2200133 a 4500 | ||
|---|---|---|---|
| 020 | _c | ||
| 041 | _h | ||
| 082 |
_a743.7 _bWHI |
||
| 100 | _aJanet Whittle . | ||
| 245 |
_aHow to Draw Exatic Flowers in Simple Steps _hTextual Documents |
||
| 260 |
_a[s.l]: _bSearch press, _c2014. |
||
| 300 |
_a32: _bpaper. |
||
| 930 | _a7965 | ||
| 999 |
_c241755 _d241755 |
||